Southville International School and Colleges
Your cart is empty.
  • Cart
  • Lists
    Public lists Eva Luna New books Lux_list list_1
    Your lists Log in to create your own lists
  • Log in to your account
  • Your cookies
  • Search history
Southville International School and Colleges
  • Advanced search
  • Recent comments
  • Most popular
  • Libraries

Log in to your account

Log in with GOOGLE


If you do not have an external account, but do have a local account, you can still log in:

  1. Home
  2. MARC view: 31 Days Before Your CCNA Security Exam: A Day-By-Day Review Guide for the IINS 210-260 Certification Exam
Normal view MARC view ISBD view

31 Days Before Your CCNA Security Exam: A Day-By-Day Review Guide for the IINS 210-260 Certification Exam (Record no. 347172)

[ view plain ]
MARC details
000 -LEADER
fixed length control field 00398nam a2200109Ia 4500
008 - FIXED-LENGTH DATA ELEMENTS--GENERAL INFORMATION
fixed length control field 171204s9999 xx 000 0 und d
245 ## - TITLE STATEMENT
Title 31 Days Before Your CCNA Security Exam: A Day-By-Day Review Guide for the IINS 210-260 Certification Exam
245 ## - TITLE STATEMENT
Statement of responsibility, etc Patrick Gargano
260 ## - PUBLICATION, DISTRIBUTION, ETC. (IMPRINT)
Date of publication, distribution, etc 2016
650 ## - SUBJECT ADDED ENTRY--TOPICAL TERM
General subdivision FUNDAMENTALS OF INFORMATION SECURITY
856 ## - ELECTRONIC LOCATION AND ACCESS
Uniform Resource Identifier <a href="http://down.ebook777.com/044/1587205785.pdf">http://down.ebook777.com/044/1587205785.pdf</a>
Holdings
Withdrawn status Lost status Damaged status Home library Current library Date acquired Total Checkouts Date last seen Price effective from Koha item type
      College Library College Library 12/04/2017   12/04/2017 12/04/2017 Curriculum - Based eBooks

31 Days Before Your CCNA Security Exam: A Day-By-Day Review Guide for the IINS 210-260 Certification Exam

APA

(2016). 31 Days Before Your CCNA Security Exam: A Day-By-Day Review Guide for the IINS 210-260 Certification Exam. : .

Chicago

2016. 31 Days Before Your CCNA Security Exam: A Day-By-Day Review Guide for the IINS 210-260 Certification Exam. : .

Harvard

(2016). 31 Days Before Your CCNA Security Exam: A Day-By-Day Review Guide for the IINS 210-260 Certification Exam. : .

MLA

31 Days Before Your CCNA Security Exam: A Day-By-Day Review Guide for the IINS 210-260 Certification Exam. : . 2016.

  • Place hold
  • Print
  • Cite
  • Add to your cart (remove)
  • Save record
    BIBTEX Dublin Core MARCXML MARC (non-Unicode/MARC-8) MARC (Unicode/UTF-8) MARC (Unicode/UTF-8, Standard) MODS (XML) RIS
  • More searches
    Search for this title in:
    Other Libraries (WorldCat) Other Databases (Google Scholar) Online Stores (Bookfinder.com) Open Library (openlibrary.org)

Exporting to Dublin Core...

SOUTHVILLE LIBRARY

Southville International School and Colleges Library

1281 Tropical Ave. Cor. Luxembourg St., BF Homes International, Las Pinas City

Tel. No. 8256374 / 252358 Loc. 117/146

Powered by Koha